Garganta (Record no. 156849)

MARC details
000 -LÍDER
campo de controle de tamanho fixo 00344 a2200157 4500
001 - NÚMERO DE CONTROLE
campo de controle 156849
020 ## - ISBN - INTERNATIONAL STANDARD BOOK NUMBER
ISBN - International Standard Book Number 9788520916766
040 ## - FONTE DA CATALOGAÇÃO
Instituição que transcreveu o registro Escola São Tomás de Aquino
100 ## - ENTRADA PRINCIPAL--NOME PESSOAL
Nome pessoal MACHADO, Angelo
240 10 - TÍTULO UNIFORME
Título uniforme Garganta
Idioma da obra por
245 10 - TÍTULO
Título Garganta
300 ## - DESCRIÇÃO FÍSICA
Extensão 32 p.
362 0# - DATAS DE PUBLICAÇÃO E/OU DESIGNAÇÃO SEQUENCIAL
Datas de publicação e/ou designação sequencial 2011
697 ## - ENTRADA DE ASSUNTO LOCAL--ENTIDADE COLETIVA (RLIN)
Nome corporativo ou nome da jurisdição *LITERATURA INFANTO JUVENIL
942 ## - ELEMENTOS DE ENTRADA ADICIONADOS (KOHA)
Tipo de material Koha Livros
Holdings
Situação do descarte Situação das perdas Situação física Não pode ser emprestado Biblioteca de origem Biblioteca atual Data de aquisição Total de empréstimos Número de chamada completo Código de barras Devolução em Data de último acesso Data do último empréstimo Data do preço efetivo Tipo de material Koha
        ESTA - SÃO BENTO ESTA - SÃO BENTO 30/04/2024 2 028.53 MAC GAR EST00011321 24/06/2024 17/06/2024 17/06/2024 30/04/2024 Livros